000 00884nam a2200253Ia 4500
003 OSt
005 20221005112852.0
006 a|||||r|||| 00| 0
007 ta
008 221004b |||||||| |||| 00| 0 pan d
020 _c300
024 _a95606
037 _b213, 31/12/2008, H.K. Prakashan
_cTextual
040 _aCRL
_cCRL
_bpan
041 _2pan
_apan
082 _aO153,3NJA:g, P6
100 _aਸਿੰਘ, ਕਰਮਜੀਤ, ਥਦ।
245 0 _aਟਾਵਰਗ਼
_b ਵਸਤੂ, ਵਿਧੀ ਅਤੇ ਦ੍ਰਿਟੀ
260 _aਦਿੱਲੀ
_bਐਮ ਪੀ ਪ੍ਰਕਾਨ ਭਾਰਤ
_c2006
300 _a254ਪੰ
_ccm.
650 _aਪੰਜਾਬੀ ਸਾਹਿਤ
942 _hO153,3NJA:g, P6
_cTEXL
_2cc
999 _c1026257
_d1026257